Diseño participativo en la Comunidad de Vázquez de Coronado : contrapropuesta para un espacio público integral y democrático

Đã lưu trong:
Chi tiết về thư mục
Tác giả chính: Vindas Salazar, Adriana
Tác giả khác: Barahona Israel, María de los Ángeles, 1952- Directora del TFG
Định dạng: Không biết
Ngôn ngữ:Spanish
Được phát hành: [San José, Costa Rica], 2015
Những chủ đề:
Các nhãn: Thêm thẻ
Không có thẻ, Là người đầu tiên thẻ bản ghi này!

MARC

LEADER 00000 a2200000 4500
003 EA0126
005 20230223132445.0
008 140114s2015 cr a 000 ||spa d
040 |c cru CEDI 
090 |a TFG EA-126 
100 |a Vindas Salazar, Adriana  |9 20218 
245 |a Diseño participativo en la Comunidad de Vázquez de Coronado : contrapropuesta para un espacio público integral y democrático  
260 |a [San José, Costa Rica],  |c 2015 
500 |a  Proyecto de graduación (licenciatura en arquitectura)--Universidad de Costa Rica. Facultad de Ingeniería. Escuela de Arquitectura 
501 |a Directora de Proyecto de Graduación: Dra. María de los Ángeles Barahona Israel 
650 |x PARTICIPACION COMUNITARIA - VAZQUEZ DE CORONADO (SAN JOSE, COSTA RICA)   |x ESPACIOS PUBLICOS - DISEÑO - VAZQUEZ DE CORONADO (SAN JOSE, COSTA RICA)  |x DISEÑO URBANO - VAZQUEZ DE CORONADO (SAN JOSE, COSTA RICA)  |x DESARROLLO DE LA COMUNIDAD URBANA  |9 20219 
700 |9 73  |a Barahona Israel, María de los Ángeles, 1952-  |d Directora del TFG 
942 |c CEDI 
999 |c 12924  |d 12924